LAGHUTRAYI PRASNAVALI (Record no. 16537)

MARC details
000 -LEADER
fixed length control field 00321nam a22001457a 4500
003 - CONTROL NUMBER IDENTIFIER
control field SGT
020 ## - INTERNATIONAL STANDARD BOOK NUMBER
International Standard Book Number 81-7080-241-5
082 ## - DEWEY DECIMAL CLASSIFICATION NUMBER
Classification number 615.53
Item number L13S
100 ## - MAIN ENTRY--PERSONAL NAME
Personal name SRINIVASUTU,M
245 ## - TITLE STATEMENT
Title LAGHUTRAYI PRASNAVALI
260 ## - PUBLICATION, DISTRIBUTION, ETC. (IMPRINT)
Place of publication, distribution, etc VARANASI
Name of publisher, distributor, etc CHAUKHAMBA PUB
Year of Publication 2013
300 ## - PAGE DESCRIPTION
No. of Pages 373
650 ## - SUBJECT ADDED ENTRY--TOPICAL TERM
Topical term or geographic name as entry element AYURVEDA PUB
942 ## - ADDED ENTRY ELEMENTS (KOHA)
Source of classification or shelving scheme Dewey Decimal Classification
Koha item type Books
942 ## - ADDED ENTRY ELEMENTS (KOHA)
-- 1
Holdings
Withdrawn status Lost status Source of classification or shelving scheme Damaged status Use restrictions Not for loan Collection code Home library Current library Shelving location Date acquired Vendor Name Cost, normal purchase price SGTU Bill Number Full call number Accession No. (Barcode) Date last seen Bill Date Koha item type Total Checkouts Date last borrowed
    Dewey Decimal Classification   Restricted Access   AYURVEDA SGT FA-FP Library SGT FA-FP Library Reference Book 18/01/2019 CHAUKHAMBA PUB 275.00 SGTU 1338 615.53 L13S FA8451 18/01/2019 16/01/2019 Books    
    Dewey Decimal Classification       AYURVEDA SGT FA-FP Library SGT FA-FP Library Text Book 18/01/2019 CHAUKHAMBA PUB 275.00 SGTU 1338 615.53 L13S FA8452 19/02/2025 16/01/2019 Books 1 19/02/2025